[Event "Landesliga Ost MV 2014-15"]
[Site "Mecklenburg-Vorpommern"]
[Date "2014.09.21"]
[Round "1.7"]
[White "Klotzsche, Stefan"]
[Black "Rosenbusch, Robert Mario"]
[Result "0-1"]
[WhiteElo "1707"]
[BlackElo "1664"]
[PlyCount "121"]
[EventType "team-tourn"]
[EventRounds "9"]
[EventCountry "GER"]
[SourceDate "2014.04.06"]
[WhiteTeam "SV Motor Wolgast"]
[BlackTeam "SV Rugia Bergen"]

1. Nf3 c5 2. g3 b6 3. Bg2 Bb7 4. O-O d5 5. d3 g6 6. c4 Bg7 7. cxd5 Bxd5 8. Nc3
Bb7 9. Bf4 a6 10. Qb3 e6 11. Ne4 Bxe4 12. dxe4 Nd7 13. Rfd1 Qc8 14. e5 Ra7 15.
Rac1 Ne7 16. e4 O-O 17. Qe3 Rc7 18. Bh3 Nc6 19. Bh6 Ndxe5 20. Bxg7 Nxf3+ 21.
Qxf3 Kxg7 22. Qe3 Rd8 23. e5 Rxd1+ 24. Rxd1 Rd7 25. Rxd7 Qxd7 26. Qf4 Qd1+ 27.
Bf1 b5 28. a4 Qe1 29. Qf6+ Kg8 30. axb5 axb5 31. f4 b4 32. Kg2 Qd2+ 33. Kh3 Qd8
34. Qxd8+ Nxd8 35. Kg4 Nc6 36. Kf3 Kg7 37. Ke4 f6 38. g4 Kf7 39. Bb5 Na7 40.
Bc4 Ke7 41. exf6+ Kxf6 42. g5+ Ke7 43. h4 Kd6 44. Ke3 Nc8 45. h5 Ne7 46. h6 e5
47. Bd3 Nd5+ 48. Ke4 Nxf4 49. Bc4 Ne6 50. Ke3 Nxg5 51. Bg8 Ke7 52. Kd3 Kd6 53.
Ke3 Ke7 54. Kd3 Kf8 55. Bd5 Ke7 56. Bg8 Kd6 57. b3 e4+ 58. Ke3 Ke5 59. Bc4 Ne6
60. Bb5 Nd4 61. Bc4 0-1

[Event "Landesliga Ost MV 2014-15"]
[Site "Mecklenburg-Vorpommern"]
[Date "2014.09.21"]
[Round "1.8"]
[White "Steinbrecher, Marco"]
[Black "Lange, Jannis"]
[Result "1/2-1/2"]
[WhiteElo "1394"]
[BlackElo "1333"]
[PlyCount "57"]
[EventType "team-tourn"]
[EventRounds "9"]
[EventCountry "GER"]
[SourceDate "2014.04.06"]
[WhiteTeam "SV Rugia Bergen"]
[BlackTeam "SV Motor Wolgast"]

1. e4 e5 2. Nc3 Bc5 3. Bc4 Nf6 4. Nf3 d6 5. O-O Bg4 6. h3 Bh5 7. Be2 Nbd7 8. d3
h6 9. Na4 O-O 10. Nxc5 Nxc5 11. Nh2 Bxe2 12. Qxe2 c6 13. f4 exf4 14. Bxf4 Ne6
15. Be3 Nd7 16. Rf5 Qc7 17. Raf1 f6 18. Qg4 Ne5 19. Rxe5 dxe5 20. Qxe6+ Qf7 21.
Qxf7+ Rxf7 22. Ng4 h5 23. Nh2 a5 24. Rf5 g6 25. Rf1 Kg7 26. Nf3 b5 27. Bc5 Re8
28. Rf2 Rd7 29. Kf1 1/2-1/2

[Event "Landesliga Ost MV 2014-15"]
[Site "Mecklenburg-Vorpommern"]
[Date "2014.09.21"]
[Round "1.1"]
[White "Dao, Xuan Duong"]
[Black "Stoevesand, Eric"]
[Result "0-1"]
[WhiteElo "1740"]
[BlackElo "1944"]
[PlyCount "68"]
[EventType "team-tourn"]
[EventRounds "9"]
[EventCountry "GER"]
[SourceDate "2014.04.06"]
[WhiteTeam "SG Eintracht Neubrandenburg  III"]
[BlackTeam "SG Eintracht Neubrandenburg  "]

1. e4 e5 2. Nf3 Nc6 3. Nc3 Nf6 4. d3 Bb4 5. Bd2 d6 6. h3 Be6 7. Be2 Ne7 8. a3
Ba5 9. b4 Bb6 10. Na4 c6 11. Nxb6 axb6 12. c4 h6 13. Qb1 Nd7 14. Bc3 Qc7 15.
O-O f5 16. Nh4 O-O 17. Qb2 fxe4 18. dxe4 Rf4 19. Nf3 Rxe4 20. Bd3 Rf4 21. Qe2
Raf8 22. Rfe1 Bf5 23. Bxf5 R4xf5 24. Rad1 Ng6 25. Qd3 R5f6 26. Nd2 Nf4 27. Qc2
d5 28. cxd5 cxd5 29. Qb3 Kh8 30. Rc1 Qd6 31. Nf3 Nd3 32. Red1 Nxc1 33. Qxd5
Qxd5 34. Rxd5 Ne2+ 0-1

[Event "Landesliga Ost MV 2014-15"]
[Site "Mecklenburg-Vorpommern"]
[Date "2014.09.21"]
[Round "1.2"]
[White "Stoevesand, Peter"]
[Black "Bugdahl, Felix"]
[Result "1-0"]
[WhiteElo "1864"]
[BlackElo "1603"]
[PlyCount "81"]
[EventType "team-tourn"]
[EventRounds "9"]
[EventCountry "GER"]
[SourceDate "2014.04.06"]
[WhiteTeam "SG Eintracht Neubrandenburg  "]
[BlackTeam "SG Eintracht Neubrandenburg  III"]

1. e4 c5 2. Nf3 Nc6 3. d4 cxd4 4. Nxd4 Nf6 5. Nc3 e5 6. Ndb5 d6 7. Bg5 a6 8.
Na3 b5 9. Nd5 Be7 10. Bxf6 Bxf6 11. c4 Qa5+ 12. Qd2 Qxd2+ 13. Kxd2 Bg5+ 14. Kd1
O-O 15. cxb5 Nd4 16. f3 axb5 17. Nxb5 Nxb5 18. Bxb5 Rb8 19. a4 Be6 20. h4 Bd8
21. Rc1 f5 22. Rc2 fxe4 23. fxe4 Bxd5 24. exd5 Rf4 25. g3 Rg4 26. Rh3 Ba5 27.
b3 Rd4+ 28. Kc1 Kf8 29. Rh1 Ke7 30. Rf1 Rf8 31. Rxf8 Kxf8 32. Rc8+ Kf7 33. Ra8
Bb4 34. a5 Bc5 35. a6 Rb4 36. Bc4 Kg6 37. Rd8 e4 38. Kc2 Kf6 39. Kc3 Ke7 40.
Rg8 Kf7 41. Rc8 1-0

[Event "Landesliga Ost MV 2014-15"]
[Site "Mecklenburg-Vorpommern"]
[Date "2014.09.21"]
[Round "1.3"]
[White "Hollender, Dirk"]
[Black "Hartung, Lothar"]
[Result "0-1"]
[WhiteElo "1672"]
[BlackElo "1791"]
[PlyCount "94"]
[EventType "team-tourn"]
[EventRounds "9"]
[EventCountry "GER"]
[SourceDate "2014.04.06"]
[WhiteTeam "SG Eintracht Neubrandenburg  III"]
[BlackTeam "SG Eintracht Neubrandenburg  "]

1. c4 c5 2. Nc3 Nf6 3. Nf3 d5 4. cxd5 Nxd5 5. e4 Nb4 6. Bb5+ Bd7 7. d4 Bxb5 8.
Nxb5 Qa5 9. Nc3 Qa6 10. Ne5 cxd4 11. Nd5 Nxd5 12. exd5 Qa5+ 13. b4 Qxd5 14. Nf3
e5 15. O-O Bxb4 16. Ba3 Bxa3 17. Qa4+ Nc6 18. Qxa3 f6 19. Rab1 Rb8 20. Rfe1 Kf7
21. Nd2 Rhe8 22. Ne4 Kg8 23. Rb3 Na5 24. Rg3 Kh8 25. Nd6 Re7 26. Nf5 Rd7 27.
Rc1 Nc6 28. h4 e4 29. Rxc6 bxc6 30. Nxg7 Rxg7 31. Rxg7 Kxg7 32. Qg3+ Kf7 33.
Qc7+ Ke6 34. Qxb8 Qd7 35. Qg8+ Ke5 36. g3 d3 37. Qb8+ Qd6 38. Qb2+ Kf5 39. Qd2
c5 40. Kh2 c4 41. Kh3 Kg6 42. g4 h5 43. gxh5+ Kh7 44. Qe3 Qe6+ 45. Kg2 Qg4+ 46.
Kf1 Qd1+ 47. Kg2 Qf3+ 0-1

[Event "Landesliga Ost MV 2014-15"]
[Site "Mecklenburg-Vorpommern"]
[Date "2014.09.21"]
[Round "1.4"]
[White "Pruesse, Horst"]
[Black "Mietz, Wolfgang"]
[Result "1-0"]
[WhiteElo "1994"]
[BlackElo "1585"]
[PlyCount "73"]
[EventType "team-tourn"]
[EventRounds "9"]
[EventCountry "GER"]
[SourceDate "2014.04.06"]
[WhiteTeam "SG Eintracht Neubrandenburg  "]
[BlackTeam "SG Eintracht Neubrandenburg  III"]

1. e4 e5 2. Bc4 Nf6 3. d3 Nc6 4. Nc3 Na5 5. Nf3 d6 6. h3 Nxc4 7. dxc4 Be7 8.
Bg5 Be6 9. Qe2 Nd7 10. Be3 Nb6 11. b3 f5 12. Rd1 Nd7 13. c5 f4 14. cxd6 Bxd6
15. Bc1 a6 16. Bb2 Qe7 17. Nd5 Qf7 18. Ng5 Qg6 19. Nxe6 Qxe6 20. Qh5+ Qg6 21.
Qxg6+ hxg6 22. Ke2 O-O-O 23. Kf3 Nf6 24. c4 c6 25. Nb6+ Kc7 26. Na4 b6 27. Bc3
Rhe8 28. c5 Bf8 29. cxb6+ Kb7 30. Nb2 Rxd1 31. Rxd1 Kxb6 32. Nc4+ Kb7 33. Bxe5
g5 34. Bxf6 gxf6 35. Rd7+ Kb8 36. Na5 Rc8 37. Rf7 1-0

[Event "Landesliga Ost MV 2014-15"]
[Site "Mecklenburg-Vorpommern"]
[Date "2014.09.21"]
[Round "1.5"]
[White "Gloeckner, Jan"]
[Black "Rossmann, Andreas"]
[Result "0-1"]
[WhiteElo "1537"]
[BlackElo "1941"]
[PlyCount "134"]
[EventType "team-tourn"]
[EventRounds "9"]
[EventCountry "GER"]
[SourceDate "2014.04.06"]
[WhiteTeam "SG Eintracht Neubrandenburg  III"]
[BlackTeam "SG Eintracht Neubrandenburg  "]

1. e4 c5 2. d4 cxd4 3. c3 d3 4. Bxd3 d6 5. c4 Nf6 6. Nf3 Nc6 7. O-O g6 8. Nc3
Bg7 9. h3 O-O 10. Qe2 Nd7 11. Bf4 Nde5 12. Nxe5 Nxe5 13. Rfd1 Be6 14. Rac1 Rc8
15. Bxe5 Bxe5 16. Nd5 Bxd5 17. exd5 Qa5 18. b3 Qc5 19. Kh1 a5 20. g3 Rc7 21. f4
Bf6 22. f5 Be5 23. g4 Bf6 24. Rf1 g5 25. h4 h6 26. hxg5 hxg5 27. Rf3 Kg7 28.
Rh3 Rcc8 29. Kg2 Rh8 30. Rch1 Rxh3 31. Rxh3 Rh8 32. Rh5 Qd4 33. Rxh8 Kxh8 34.
Be4 Kg7 35. Bf3 Be5 36. Be4 b6 37. Qd3 Qa1 38. Qe2 Qc1 39. Qf2 Qc3 40. Bf3 Bd4
41. Qe2 Be3 42. Qd1 Kf6 43. Qe2 Qe5 44. Qd1 Qf4 45. Qh1 Kg7 46. Qd1 Kf8 47. Qh1
Bd4 48. Qd1 Be5 49. Kf1 a4 50. Qe2 axb3 51. axb3 Qc1+ 52. Qd1 Qc3 53. Kg2 Qe3
54. Qc2 Qf4 55. Qe2 Qg3+ 56. Kf1 Bd4 57. Qg2 Qf4 58. Qe2 Qc1+ 59. Kg2 Qg1+ 60.
Kh3 Bf2 61. Bg2 Bd4 62. Qf1 Qe3+ 63. Qf3 Qd2 64. Qe4 Be5 65. Qf3 Bf4 66. Qe4
Qc3+ 67. Qf3 Qh8# 0-1

[Event "Landesliga Ost MV 2014-15"]
[Site "Mecklenburg-Vorpommern"]
[Date "2014.09.21"]
[Round "1.7"]
[White "Rothe, Nicola"]
[Black "Zibell, Walter"]
[Result "1/2-1/2"]
[WhiteElo "1281"]
[BlackElo "1811"]
[PlyCount "55"]
[EventType "team-tourn"]
[EventRounds "9"]
[EventCountry "GER"]
[SourceDate "2014.04.06"]
[WhiteTeam "SG Eintracht Neubrandenburg  III"]
[BlackTeam "SG Eintracht Neubrandenburg  "]

1. e4 c5 2. Nf3 d6 3. d4 cxd4 4. Nxd4 Nf6 5. Nc3 a6 6. f3 e5 7. Nb3 Be6 8. Be3
Be7 9. Be2 Nc6 10. Qd2 Rc8 11. Nd5 O-O 12. Bb6 Qd7 13. Ba5 Bxd5 14. exd5 Nxa5
15. Nxa5 Rc5 16. c4 Nh5 17. g3 f5 18. Nb3 Rc7 19. Qd3 Nf6 20. Nd2 Qc8 21. b3
Nd7 22. O-O-O Nc5 23. Qc2 Bf6 24. g4 fxg4 25. fxg4 Bg5 26. Kb1 Rf4 27. h4 Bd8
28. g5 1/2-1/2

[Event "Landesliga Ost MV 2014-15"]
[Site "Mecklenburg-Vorpommern"]
[Date "2014.09.21"]
[Round "1.8"]
[White "Friedrich, Joerg"]
[Black "Stange, Laura"]
[Result "1-0"]
[WhiteElo "1657"]
[BlackElo "1028"]
[PlyCount "63"]
[EventType "team-tourn"]
[EventRounds "9"]
[EventCountry "GER"]
[SourceDate "2014.04.06"]
[WhiteTeam "SG Eintracht Neubrandenburg  "]
[BlackTeam "SG Eintracht Neubrandenburg  III"]

1. d4 d5 2. Nc3 e6 3. a3 Nf6 4. Bg5 h6 5. Bh4 b6 6. e4 dxe4 7. f3 e3 8. Bc4 Be7
9. Qd3 Bb7 10. O-O-O c5 11. Bxf6 Bxf6 12. d5 exd5 13. Bxd5 Bxd5 14. Nxd5 O-O
15. Qxe3 Qd6 16. Nh3 Bd4 17. Qe4 Nd7 18. Ne7+ Kh8 19. c3 Rae8 20. Rhe1 Rxe7 21.
Qxe7 Qxe7 22. Rxe7 Be3+ 23. Rxe3 Nf6 24. Red3 a6 25. Rd8 Rg8 26. Rxg8+ Nxg8 27.
Rd6 b5 28. Rxa6 Kh7 29. Ra5 b4 30. Rxc5 bxa3 31. bxa3 Kh8 32. a4 1-0

[Event "Landesliga Ost MV 2014-15"]
[Site "Mecklenburg-Vorpommern"]
[Date "2014.11.09"]
[Round "2.2"]
[White "Onasch, Gunnar"]
[Black "Riebort, Frank"]
[Result "0-1"]
[WhiteElo "1821"]
[BlackElo "1885"]
[PlyCount "70"]
[EventType "team-tourn"]
[EventRounds "9"]
[EventCountry "GER"]
[SourceDate "2014.04.06"]
[WhiteTeam "SV Waterkant Saal"]
[BlackTeam "SV Motor Wolgast"]

1. d4 Nf6 2. c4 g6 3. Nc3 Bg7 4. e4 d6 5. Be2 O-O 6. Bg5 h6 7. Be3 Nc6 8. h3 e5
9. d5 Ne7 10. Nf3 Ne8 11. Nd2 f5 12. f3 Nf6 13. b4 Nh5 14. Bf2 fxe4 15. fxe4
Nf4 16. Bf1 Nh5 17. Rc1 Rf7 18. Nf3 Bd7 19. g3 a5 20. a3 axb4 21. axb4 Ra3 22.
Be2 Qc8 23. Nh4 Nf6 24. g4 Nh7 25. c5 Qf8 26. O-O Bf6 27. Kg2 Bxh4 28. Bxh4 g5
29. Bg3 Ng6 30. Rxf7 Qxf7 31. Bc4 Nf6 32. c6 bxc6 33. Nb1 Re3 34. dxc6 Be6 35.
Qd2 Rxg3+ 0-1

[Event "Landesliga Ost MV 2014-15"]
[Site "Mecklenburg-Vorpommern"]
[Date "2014.11.09"]
[Round "2.3"]
[White "Schubert, Volker"]
[Black "Wiese, Frank"]
[Result "1-0"]
[WhiteElo "2059"]
[BlackElo "1875"]
[PlyCount "59"]
[EventType "team-tourn"]
[EventRounds "9"]
[EventCountry "GER"]
[SourceDate "2014.04.06"]
[WhiteTeam "SV Motor Wolgast"]
[BlackTeam "SV Waterkant Saal"]

1. d4 d5 2. Nf3 Nf6 3. e3 Bg4 4. Bd3 e6 5. Nbd2 c5 6. c3 Nc6 7. Qa4 Bxf3 8.
Nxf3 cxd4 9. exd4 Qa5 10. Qd1 Bd6 11. O-O O-O 12. Qe2 Qc7 13. Re1 Ne7 14. Ne5
Ng6 15. f4 a6 16. Rf1 Rfe8 17. Bd2 Nd7 18. Rf3 f5 19. Rg3 Nf6 20. Rf1 Ne7 21.
Rh3 Ng6 22. g4 fxg4 23. Nxg4 Nxf4 24. Nxf6+ gxf6 25. Bxf4 Bxf4 26. Rxh7 Bxh2+
27. Rxh2 f5 28. Qh5 Kf8 29. Qh8+ Ke7 30. Rh7+ 1-0

[Event "Landesliga Ost MV 2014-15"]
[Site "Mecklenburg-Vorpommern"]
[Date "2014.11.09"]
[Round "2.4"]
[White "Richter, Frank"]
[Black "Rosin, Ralf"]
[Result "1/2-1/2"]
[WhiteElo "1730"]
[BlackElo "1727"]
[PlyCount "61"]
[EventType "team-tourn"]
[EventRounds "9"]
[EventCountry "GER"]
[SourceDate "2014.04.06"]
[WhiteTeam "SV Waterkant Saal"]
[BlackTeam "SV Motor Wolgast"]

1. d4 e6 2. c4 f5 3. g3 Nf6 4. Bg2 Be7 5. Nc3 c6 6. Nf3 d5 7. b3 Qa5 8. Bd2 Bb4
9. Qc2 Ne4 10. Nxe4 fxe4 11. Bxb4 Qxb4+ 12. Nd2 O-O 13. O-O Nd7 14. a3 Qe7 15.
Qc3 Qg5 16. f3 exf3 17. Nxf3 Qe7 18. c5 Nf6 19. Nd2 Bd7 20. e4 dxe4 21. Nxe4
Nd5 22. Qd2 Rxf1+ 23. Rxf1 Be8 24. Re1 Rd8 25. Nd6 b6 26. Bh3 Bd7 27. Qe2 bxc5
28. dxc5 Nc7 29. Qe5 Qf6 30. Qe3 Rf8 31. Rf1 1/2-1/2

[Event "Landesliga Ost MV 2014-15"]
[Site "Mecklenburg-Vorpommern"]
[Date "2014.11.09"]
[Round "2.5"]
[White "Pochop, Bert"]
[Black "Nickel, Reimo"]
[Result "1/2-1/2"]
[WhiteElo "1804"]
[BlackElo "1751"]
[PlyCount "32"]
[EventType "team-tourn"]
[EventRounds "9"]
[EventCountry "GER"]
[SourceDate "2014.04.06"]
[WhiteTeam "SV Motor Wolgast"]
[BlackTeam "SV Waterkant Saal"]

1. d4 d5 2. c4 c6 3. e3 Nf6 4. Nf3 Bf5 5. Bd3 Bxd3 6. Qxd3 Ne4 7. Nc3 Nxc3 8.
bxc3 dxc4 9. Qxc4 Qd5 10. Qd3 e6 11. O-O Be7 12. c4 Qd8 13. a4 O-O 14. Ba3 Nd7
15. Bxe7 Qxe7 16. Rfb1 Rab8 1/2-1/2

[Event "Landesliga Ost MV 2014-15"]
[Site "Mecklenburg-Vorpommern"]
[Date "2014.11.09"]
[Round "2.6"]
[White "Ehmann, Roland"]
[Black "Schellner, Ulf"]
[Result "1/2-1/2"]
[WhiteElo "1546"]
[BlackElo "1632"]
[PlyCount "38"]
[EventType "team-tourn"]
[EventRounds "9"]
[EventCountry "GER"]
[SourceDate "2014.04.06"]
[WhiteTeam "SV Waterkant Saal"]
[BlackTeam "SV Motor Wolgast"]

1. d4 d5 2. g3 Nf6 3. Nf3 c6 4. Bg2 Bg4 5. O-O Qc8 6. Ne5 Bh3 7. e3 Bxg2 8.
Kxg2 e6 9. c4 Be7 10. Nc3 O-O 11. f4 Ne4 12. Nxe4 dxe4 13. Qc2 f5 14. h4 Nd7
15. Nxd7 Qxd7 16. Bd2 h5 17. b4 Rac8 18. a4 a6 19. Bc3 Bf6 1/2-1/2

[Event "Landesliga Ost MV 2014-15"]
[Site "Mecklenburg-Vorpommern"]
[Date "2014.11.09"]
[Round "2.7"]
[White "Klotzsche, Stefan"]
[Black "Nickel, Udo"]
[Result "1-0"]
[WhiteElo "1707"]
[BlackElo "1703"]
[PlyCount "80"]
[EventType "team-tourn"]
[EventRounds "9"]
[EventCountry "GER"]
[SourceDate "2014.04.06"]
[WhiteTeam "SV Motor Wolgast"]
[BlackTeam "SV Waterkant Saal"]

1. d4 d5 2. Nf3 Nf6 3. Bf4 e6 4. e3 Bd6 5. Bg5 Nbd7 6. Bd3 h6 7. Bh4 c5 8. c4
cxd4 9. Nxd4 Bb4+ 10. Nd2 Qa5 11. a3 Bxd2+ 12. Qxd2 Qxd2+ 13. Kxd2 dxc4 14.
Bxc4 O-O 15. f3 Nb6 16. Bd3 g5 17. Bg3 Bd7 18. Rac1 Rfc8 19. b4 a6 20. e4 Ba4
21. h4 Rxc1 22. Rxc1 Rc8 23. Rxc8+ Nxc8 24. hxg5 hxg5 25. Bc7 Ne8 26. Bd8 e5
27. Nf5 f6 28. Bc4+ Kh7 29. Be6 Na7 30. Bf7 g4 31. fxg4 Bd7 32. Bxe8 Bxe8 33.
Bxf6 Nc6 34. Nd6 Bd7 35. Nxb7 Bxg4 36. Nc5 Bc8 37. Nd3 Kg6 38. Bxe5 Nxe5 39.
Nxe5+ Kf6 40. Nd3 Kg5 1-0

[Event "Landesliga Ost MV 2014-15"]
[Site "Mecklenburg-Vorpommern"]
[Date "2014.11.09"]
[Round "2.8"]
[White "Hiltner, Harald"]
[Black "Zimmermann, Frank"]
[Result "1-0"]
[WhiteElo "1513"]
[BlackElo "1615"]
[PlyCount "70"]
[EventType "team-tourn"]
[EventRounds "9"]
[EventCountry "GER"]
[SourceDate "2014.04.06"]
[WhiteTeam "SV Waterkant Saal"]
[BlackTeam "SV Motor Wolgast"]

1. e4 e5 2. Nf3 Nc6 3. Nc3 Nf6 4. Be2 d6 5. d3 Bg4 6. O-O Be7 7. h3 Bh5 8. Bg5
O-O 9. Bxf6 Bxf6 10. Nd5 Be7 11. c3 f5 12. exf5 Rxf5 13. Ne3 Rf7 14. Nh2 Bg6
15. Bh5 Bxh5 16. Qxh5 Qd7 17. Qg4 Qxg4 18. Nexg4 Raf8 19. Ne3 Nd8 20. Nd5 Bg5
21. g3 Ne6 22. h4 Bd8 23. Rae1 c6 24. Ne3 Bb6 25. Kg2 g5 26. hxg5 Nxg5 27. Nhg4
Kg7 28. Nc4 Bc7 29. Nd2 b5 30. Ne4 Nf3 31. Re2 h5 32. Nh2 d5 33. Nxf3 dxe4 34.
Ng5 exd3 35. Rd2 Kg6 1-0

[Event "Landesliga Ost MV 2014-15"]
[Site "Mecklenburg-Vorpommern"]
[Date "2014.11.09"]
[Round "2.1"]
[White "Dao, Xuan Duong"]
[Black "Bigalke, Steffen"]
[Result "1/2-1/2"]
[WhiteElo "1740"]
[BlackElo "1795"]
[PlyCount "89"]
[EventType "team-tourn"]
[EventRounds "9"]
[EventCountry "GER"]
[SourceDate "2014.04.06"]
[WhiteTeam "SG Eintracht Neubrandenburg  III"]
[BlackTeam "SAV Torgelow-Droegeheide 90  II"]

1. e4 e6 2. d4 d5 3. Nc3 dxe4 4. Nxe4 Bd7 5. Nf3 Bc6 6. Nc3 Bxf3 7. Qxf3 c6 8.
Ne2 Nf6 9. Bg5 Qa5+ 10. Bd2 Qb6 11. O-O-O Nbd7 12. Qb3 Bd6 13. f3 Qxb3 14. axb3
Ke7 15. c4 c5 16. Bc3 cxd4 17. Nxd4 Rhc8 18. g3 a6 19. Bg2 Bc5 20. Rhe1 g6 21.
f4 Rab8 22. f5 gxf5 23. Nxf5+ Kf8 24. Nd6 Bxd6 25. Rxd6 b5 26. Rf1 Ke7 27.
Bxf6+ Kxd6 28. Rd1+ Kc7 29. Be7 Rb6 30. c5 Rc6 31. Bxc6 Kxc6 32. Rd6+ Kc7 33.
Rxa6 Kb7 34. Ra5 b4 35. Rb5+ Ka6 36. Rxb4 Nxc5 37. Bxc5 Rxc5+ 38. Kd2 Rh5 39.
h4 Rd5+ 40. Ke2 Re5+ 41. Kf2 Rd5 42. Ke2 Re5+ 43. Kd2 Rd5+ 44. Kc2 Re5 45. Kd2
1/2-1/2

[Event "Landesliga Ost MV 2014-15"]
[Site "Mecklenburg-Vorpommern"]
[Date "2014.11.09"]
[Round "2.2"]
[White "Otto, Martin"]
[Black "Bugdahl, Felix"]
[Result "1/2-1/2"]
[WhiteElo "1828"]
[BlackElo "1603"]
[PlyCount "62"]
[EventType "team-tourn"]
[EventRounds "9"]
[EventCountry "GER"]
[SourceDate "2014.04.06"]
[WhiteTeam "SAV Torgelow-Droegeheide 90  II"]
[BlackTeam "SG Eintracht Neubrandenburg  III"]

1. e4 c5 2. Nc3 e6 3. f4 d5 4. d3 Nf6 5. g3 dxe4 6. dxe4 Qxd1+ 7. Kxd1 Bd7 8.
Bg2 Bc6 9. Nh3 Nbd7 10. Nf2 O-O-O 11. Ke2 c4 12. Be3 Bc5 13. Rhd1 b5 14. Bxc5
Nxc5 15. Ke3 Rhe8 16. Rxd8+ Kxd8 17. b4 Nb7 18. a4 a6 19. axb5 axb5 20. Ra8+
Kd7 21. Rxe8 Nxe8 22. Bh3 f6 23. Ne2 Kd6 24. c3 e5 25. f5 Nd8 26. Bg4 Nf7 27.
Bh5 Nh8 28. Bf3 g6 29. g4 Nf7 30. h4 Ng7 31. Ng3 g5 1/2-1/2

[Event "Landesliga Ost MV 2014-15"]
[Site "Mecklenburg-Vorpommern"]
[Date "2014.11.09"]
[Round "2.3"]
[White "Peters, Hans Joachim"]
[Black "Kilp, Andreas"]
[Result "0-1"]
[WhiteElo "1714"]
[BlackElo "1632"]
[PlyCount "74"]
[EventType "team-tourn"]
[EventRounds "9"]
[EventCountry "GER"]
[SourceDate "2014.04.06"]
[WhiteTeam "SG Eintracht Neubrandenburg  III"]
[BlackTeam "SAV Torgelow-Droegeheide 90  II"]

1. e4 e5 2. Nf3 Nc6 3. Bb5 a6 4. Ba4 b5 5. Bb3 Be7 6. O-O Nf6 7. c3 d6 8. h3
Bb7 9. Re1 O-O 10. d3 h6 11. Nbd2 b4 12. Nf1 bxc3 13. bxc3 Na5 14. Bc2 Nd7 15.
Ng3 Bc8 16. Be3 Rb8 17. Qd2 g5 18. Nh2 Nb6 19. Ng4 Kg7 20. Reb1 Be6 21. Nh2 Qd7
22. Nh5+ Kh8 23. g4 d5 24. c4 Naxc4 25. dxc4 d4 26. Bxg5 Bxg5 27. Qa5 Nxc4 28.
Rxb8 Rxb8 29. Qxa6 d3 30. Bd1 Qd4 31. Nf3 Qxa1 32. Qa7 Qxd1+ 33. Kg2 Rc8 34.
Qc5 Qe2 35. Nxg5 hxg5 36. Qe7 Qxe4+ 37. Kg3 Qg6 0-1

[Event "Landesliga Ost MV 2014-15"]
[Site "Mecklenburg-Vorpommern"]
[Date "2014.11.09"]
[Round "2.4"]
[White "Greinert, Timo"]
[Black "Buenz, Heinrich"]
[Result "1-0"]
[WhiteElo "1785"]
[BlackElo "1609"]
[PlyCount "51"]
[EventType "team-tourn"]
[EventRounds "9"]
[EventCountry "GER"]
[SourceDate "2014.04.06"]
[WhiteTeam "SAV Torgelow-Droegeheide 90  II"]
[BlackTeam "SG Eintracht Neubrandenburg  III"]

1. c4 Nf6 2. Nc3 e6 3. d4 Be7 4. Bf4 O-O 5. g3 d6 6. Bg2 Nbd7 7. Nf3 c6 8. O-O
b6 9. Qc2 Bb7 10. e4 Nh5 11. Be3 g6 12. Rac1 f5 13. exf5 exf5 14. Ne2 Ng7 15.
Rfe1 Rf7 16. Bh6 Nf8 17. Nf4 Qd7 18. d5 cxd5 19. cxd5 Rc8 20. Qd2 Qb5 21. Nd4
Qa6 22. Bf1 Qa5 23. b4 Qa4 24. Bb5 Qa3 25. Rxc8 Bxc8 26. Re3 1-0

[Event "Landesliga Ost MV 2014-15"]
[Site "Mecklenburg-Vorpommern"]
[Date "2014.11.09"]
[Round "2.5"]
[White "Hollender, Dirk"]
[Black "Kasel, Alexander"]
[Result "1-0"]
[WhiteElo "1672"]
[BlackElo "1550"]
[PlyCount "103"]
[EventType "team-tourn"]
[EventRounds "9"]
[EventCountry "GER"]
[SourceDate "2014.04.06"]
[WhiteTeam "SG Eintracht Neubrandenburg  III"]
[BlackTeam "SAV Torgelow-Droegeheide 90  II"]

1. c4 e5 2. Nc3 Nf6 3. g3 d5 4. cxd5 Nxd5 5. Bg2 Nb6 6. d3 Be7 7. Nf3 Nc6 8.
O-O O-O 9. a3 Be6 10. b4 a6 11. Bb2 f5 12. Rc1 Bf6 13. Qc2 Qe7 14. Rfd1 Rfd8
15. e3 Rd7 16. Ne1 Qf7 17. Qe2 Rad8 18. Nb1 Rd6 19. Nd2 e4 20. d4 Na4 21. Ba1
Bb3 22. Nc2 Bd5 23. b5 axb5 24. Qxb5 Nb6 25. Bf1 Ra8 26. Bc3 Na4 27. Nb4 Nxb4
28. Bxb4 Rb6 29. Qxd5 Qxd5 30. Bc4 Qxc4 31. Nxc4 Rc6 32. d5 Rxc4 33. Rxc4 Nb2
34. Rdc1 Nxc4 35. Rxc4 Bd8 36. f3 exf3 37. Kf2 Kf7 38. Kxf3 Kf6 39. g4 g5 40.
gxf5 Kxf5 41. e4+ Ke5 42. Kg4 b5 43. Bc3+ Kd6 44. Rc6+ Kd7 45. Bb4 Rb8 46. Rh6
Rb6 47. Rxh7+ Kc8 48. e5 Rg6 49. Rh8 Rg7 50. e6 c5 51. Bxc5 Rc7 52. Rxd8+ 1-0

[Event "Landesliga Ost MV 2014-15"]
[Site "Mecklenburg-Vorpommern"]
[Date "2014.11.09"]
[Round "2.6"]
[White "Schmidt, Paul"]
[Black "Mietz, Wolfgang"]
[Result "0-1"]
[WhiteElo "1451"]
[BlackElo "1585"]
[PlyCount "32"]
[EventType "team-tourn"]
[EventRounds "9"]
[EventCountry "GER"]
[SourceDate "2014.04.06"]
[WhiteTeam "SAV Torgelow-Droegeheide 90  II"]
[BlackTeam "SG Eintracht Neubrandenburg  III"]

1. e4 d6 2. d4 Nf6 3. Nc3 g6 4. Bc4 Bg7 5. Nf3 O-O 6. Be3 Bg4 7. Qd2 Nc6 8.
O-O-O e5 9. dxe5 dxe5 10. Qe1 Qc8 11. h3 Be6 12. Nd5 Nxe4 13. Kb1 Nd6 14. Bb3
a5 15. Bg5 f6 16. Be3 a4 0-1

[Event "Landesliga Ost MV 2014-15"]
[Site "Mecklenburg-Vorpommern"]
[Date "2014.11.09"]
[Round "2.7"]
[White "Friedrich, Joerg"]
[Black "Schmekel, Matthias"]
[Result "1-0"]
[WhiteElo "1657"]
[BlackElo "1425"]
[PlyCount "97"]
[EventType "team-tourn"]
[EventRounds "9"]
[EventCountry "GER"]
[SourceDate "2014.04.06"]
[WhiteTeam "SG Eintracht Neubrandenburg  III"]
[BlackTeam "SAV Torgelow-Droegeheide 90  II"]

1. f4 d5 2. c4 e5 3. fxe5 Qh4+ 4. g3 Qxc4 5. d4 Bb4+ 6. Kf2 Ne7 7. a3 Ba5 8. e3
Qc6 9. b4 Bb6 10. a4 a6 11. b5 Qg6 12. Bd3 Bf5 13. Bxf5 Qxf5+ 14. Nf3 axb5 15.
Ba3 Rxa4 16. Nc3 Rc4 17. Bxe7 Rxc3 18. Bb4 Rc2+ 19. Ke1 Qe4 20. Bd2 O-O 21. Rf1
h6 22. Nh4 Nc6 23. Rf4 Qh1+ 24. Rf1 Qe4 25. Rf4 Qd3 26. Rf2 b4 27. Nf5 b3 28.
Qg4 g6 29. Nxh6+ Kh7 30. Qh4 g5 31. Qxg5 b2 32. Rd1 Rc1 33. Rxc1 bxc1=Q+ 34.
Bxc1 Ba5+ 35. Bd2 Qb1+ 36. Ke2 Bxd2 37. Kxd2 Nb4 38. Qf5+ Qxf5 39. Nxf5 Ra8 40.
Kc3 Nc6 41. Rb2 b6 42. Rb5 Kg6 43. Nh4+ Kh5 44. Rxd5 Ra3+ 45. Kb2 Rxe3 46. e6+
Kg4 47. exf7 Re2+ 48. Kc3 Rf2 49. Rf5 1-0